000 01002nam a22003137a 4500
003 CHAP
005 20220329134205.0
008 971013s1981 r 00010 d
010 _a16713
011 _a17685
035 _a21768
040 _cCHAP
082 _a636.085
_bH8
100 0 0 _aHuber, John T.
_956610
245 _aUpgrading residues and by-products for animals
260 _aBoca Ratón, Fla. :
_bCRC Press,
_c1981
300 _a131 p.
_b: gráfs.
590 _aBATCH-UPD
_b10
_c20130110
_lUCH01
_h1610
590 _aBATCH-UPD
_b10
_c20130410
_lUCH01
_h1006
590 _aBATCH-UPD
_b10
_c20130914
_lUCH01
_h0124
590 _aCONVERSION
_b10
_c20130109
_lUCH01
_h1310
650 1 4 _aAlimentos y alimentacion del ganado.
_94326
650 1 4 _aAlimentos
_xSubproductos.
_94283
650 1 4 _aDesperdicios.
_932170
650 1 4 _aProductos agrícolas
_xSubproductos.
_992033
901 _aBK
942 _cLIBRO
949 _a636.085 H8
_bBC
_cLIBRO
_d33724000266797
_eLIBRO
_gI.166604
_h82596
_i21768
_si
999 _c16713
_d16713